First Air Destinations - Statistics

General Stats
  • This quiz has been taken 9 times
  • The average score is 6 of 35
Answer Stats
Province / Territory Answer % Correct
Quebec Montreal
86%
Ontario Ottawa
86%
Yukon Whitehorse
86%
Northwest Territories Yellowknife
86%
Alberta Edmonton
71%
Manitoba Winnipeg
71%
Nunavut Iqaluit
29%
Nunavut Arviat
14%
Nunavut Baker Lake
14%
Nunavut Rankin Inlet
14%
Nunavut Arctic Bay
0%
Nunavut Cambridge Bay
0%
Nunavut Cape Dorset
0%
Nunavut Chesterfield Inlet
0%
Manitoba Churchill
0%
Nunavut Clyde River
0%
Nunavut Coral Harbour
0%
Northwest Territories Fort Simpson
0%
Nunavut Gjoa Haven
0%
Nunavut Hall Beach
0%
Northwest Territories Hay River
0%
Nunavut Igloolik
0%
Nunavut Inuvik
0%
Nunavut Kimmirut
0%
Nunavut Kugaaruk
0%
Nunavut Kugluktuk
0%
Quebec Kuujjuaq
0%
Nunavut Naujaat
0%
Nunavut Pangnirtung
0%
Nunavut Pond Inlet
0%
Nunavut Qikiqtarjuaq
0%
Nunavut Resolute
0%
Nunavut Taloyoak
0%
Northwest Territories Ulukhaktok
0%
Nunavut Whale Cove
0%
No matching quizzes found
Score Distribution
Percent of People with Each Score
Percentile by Number Answered
Your Score History
You have not taken this quiz